[Event "5th Open"]
[Site "Dubai UAE"]
[Date "2003.04.22"]
[Round "3"]
[White "Neverov,V"]
[Black "Mamedov,Rau"]
[Result "0-1"]
[WhiteElo "2583"]
[BlackElo "2330"]

1.d4 Nf6 2.c4 g6 3.Nf3 Bg7 4.g3 O-O 5.Bg2 d6 6.O-O Nbd7 7.Qc2 e5 8.Rd1 exd4
9.Nxd4 Re8 10.Nc3 a6 11.b3 Rb8 12.Bb2 Nc5 13.b4 Ne6 14.Nf3 Nf8 15.c5 Bf5
16.Qc1 Qe7 17.cxd6 cxd6 18.Nd4 Bd7 19.Qd2 Red8 20.Rac1 Ne6 21.e3 Nxd4 22.Qxd4 Bc6
23.Nd5 Bxd5 24.Bxd5 Ne8 25.Qd2 Bxb2 26.Qxb2 Nf6 27.Bf3 d5 28.a3 Rd7 29.Qd4 Rbd8
30.Rc2 Ne4 31.h4 h5 32.Rdc1 Nf6 33.Kf1 Ne4 34.Rd1 f5 35.Rd3 Kf7 36.Bd1 Ke6
37.Rc1 Nd6 38.a4 Rc8 39.Rb1 Rc4 40.Bb3 Rxd4 41.exd4 Ne4 42.Re1 Kd6 43.Kg2 Rc7
44.Ree3 Rc1 45.a5 Rb1 46.Ba4 Rb2 47.Rf3 Ke6 48.Bb3 Kd6 49.Kg1  0-1

[Event "Commonwealth Ch"]
[Site "Mumbai IND"]
[Date "2003.04.24"]
[Round "7"]
[White "Meenakshi,S"]
[Black "Ravi,L"]
[Result "1/2-1/2"]
[WhiteElo "2297"]
[BlackElo "2427"]

1.d4 Nf6 2.c4 g6 3.Nf3 Bg7 4.g3 O-O 5.Bg2 d6 6.O-O Nc6 7.Nc3 Bf5 8.d5 Na5
9.Nd4 Bd7 10.b3 c5 11.dxc6 bxc6 12.e4 Qc7 13.h3 Nb7 14.Be3 Rfe8 15.Qd2 a5
16.Rad1 e5 17.Nde2 Bc8 18.f4 exf4 19.Bxf4 Nd7 20.Bxd6 Nxd6 21.Qxd6 Qb6+ 22.Kh1 Be5
23.Qd2 Nc5 24.Qe3 a4 25.Nc1 axb3 26.axb3 Qb4 27.N3e2 Ra3 28.Nd3 Nxd3 29.Rxd3 Qe7
30.Nd4 Bb7 31.Rfd1 Qf6 32.Rf1 Qe7 33.Nf3 Bg7 34.Rfd1 c5 35.Rd7 Qxe4 36.Qxc5 Rxb3
37.Rxf7 Rb1 38.Rxb1 Qxb1+ 39.Kh2 Kxf7 40.Ng5+ Kg8 41.Bd5+ Kh8 42.Nf7+ Kg8
43.Nh6+ Kh8 44.Nf7+ Kg8 45.Nh6+ Kh8 46.Nf7+ Kg8  1/2-1/2

[Event "Commonwealth Ch"]
[Site "Mumbai IND"]
[Date "2003.04.26"]
[Round "9"]
[White "Fominyh,A"]
[Black "Sahu,S"]
[Result "1-0"]
[WhiteElo "2529"]
[BlackElo "2268"]

1.d4 Nf6 2.Nf3 g6 3.c4 Bg7 4.g3 O-O 5.Bg2 d6 6.O-O c6 7.Nc3 Nbd7 8.e4 e5
9.h3 Qe7 10.Re1 Re8 11.Be3 exd4 12.Nxd4 Nc5 13.f4 Qc7 14.Bf2 Bd7 15.Nb3 Ne6
16.Qd2 Rad8 17.Rad1 Bc8 18.Be3 b6 19.Nd4 Nxd4 20.Bxd4 Nh5 21.Bf2 f5 22.exf5 Rxe1+
23.Rxe1 gxf5 24.Kh2 Nf6 25.Bd4 Kf8 26.Rd1 Rd7 27.Bf3 Rf7 28.Kg2 Bb7 29.Kf2 Qe7
30.Qd3 Qe6 31.Re1 Qd7 32.Re2 Ba6 33.Nd1 Re7 34.Rxe7 Kxe7 35.Ne3 Bc8 36.g4 fxg4
37.hxg4 h6 38.Qg6  1-0

[Event "Commonwealth Ch"]
[Site "Mumbai IND"]
[Date "2003.04.27"]
[Round "10"]
[White "Kunte,A"]
[Black "Rahman,Zia"]
[Result "1-0"]
[WhiteElo "2499"]
[BlackElo "2543"]

1.Nf3 Nf6 2.d4 g6 3.c4 Bg7 4.g3 O-O 5.Bg2 d6 6.O-O a6 7.Nc3 Nc6 8.d5 Na5
9.Nd2 c5 10.Qc2 e5 11.e4 Bd7 12.Ne2 b5 13.b3 Nb7 14.Bb2 b4 15.Rae1 Ng4 16.h3 Nh6
17.f4 f6 18.Nc1 Nf7 19.Nd3 Qe7 20.Nf3 a5 21.f5 Bh6 22.Nh2 Kh8 23.Qf2 gxf5
24.exf5 Rg8 25.h4 a4 26.g4 axb3 27.axb3 Na5 28.Qc2 Nxb3 29.Qxb3 Ba4 30.Nxe5 dxe5
31.Qg3 Qd6 32.g5 Bd7 33.Ng4 Bg7 34.g6 Nh6 35.Nxe5 Rge8 36.Qf3 fxe5 37.f6 hxg6
38.fxg7+ Kg8 39.Bxe5 Rxe5 40.Qf8+ Rxf8 41.gxf8=Q+ Qxf8 42.Rxf8+ Kxf8 43.Rxe5 Nf7
44.Re1 Nd6 45.Be4 Nxc4 46.Bxg6 Nb6 47.h5 Kg7 48.Re7+ Kh6 49.Kf2 b3 50.Ke2 c4
51.Rh7+ Kg5 52.Kd2 b2 53.Kc2 c3 54.d6  1-0

[Event "National I"]
[Site "Clermont-Ferrand FRA"]
[Date "2003.05.09"]
[Round "9"]
[White "Renet,O"]
[Black "Gallagher,Jo"]
[Result "0-1"]
[WhiteElo "2497"]
[BlackElo "2515"]

1.d4 Nf6 2.Nf3 g6 3.c4 Bg7 4.g3 O-O 5.Bg2 d6 6.Nc3 Nbd7 7.O-O e5 8.e4 a6
9.h3 b5 10.dxe5 dxe5 11.Be3 c6 12.Qc2 Qe7 13.Nd2 Bb7 14.a3 Rfc8 15.Rfd1 Nc5
16.b4 Ne6 17.Nb3 bxc4 18.Nc5 a5 19.N3a4 axb4 20.axb4 Nxc5 21.Nxc5 Rd8 22.Rxd8+ Qxd8
23.Ra5 Qc8 24.Qa2 Rb8 25.Qxc4 Nd7 26.Nd3 Qd8 27.Bf1 Qe7 28.Ra7 Qd8 29.Kh2 h5
30.h4 Nb6 31.Qa2 Nc8 32.Ra5 Nd6 33.Nc5 Bc8 34.Ra8 Qc7 35.Ra7 Qd8 36.Qa5 Bg4
37.Qxd8+ Rxd8 38.Rc7 Rc8 39.Ra7 Rb8 40.Na6 Rd8 41.Kg2 Nb5 42.Rb7 Nd4 43.Bxd4 Rxd4
44.Nb8 Be6 45.Nxc6 Rxe4 46.f3 Re1 47.Kf2 Rc1 48.b5 Rc2+ 49.Ke1 e4 50.fxe4 Bc3+
51.Kd1 Rd2+ 52.Kc1 Bb3 53.Rb8+ Kg7 54.Rd8 Rc2+ 55.Kb1 Ra2  0-1

[Event "National I"]
[Site "Clermont-Ferrand FRA"]
[Date "2003.05.09"]
[Round "9"]
[White "Anic,D"]
[Black "Te Llalemand,R"]
[Result "1-0"]
[WhiteElo "2455"]
[BlackElo "2291"]

1.Nf3 Nf6 2.c4 d6 3.d4 g6 4.g3 Bg7 5.Bg2 O-O 6.O-O Nbd7 7.Nc3 e5 8.h3 c6
9.e4 exd4 10.Nxd4 Re8 11.Be3 Nc5 12.Qc2 a5 13.Rfe1 Qc7 14.Rad1 Nfd7 15.f4 a4
16.Bf2 a3 17.b4 Ne6 18.Ndb5 cxb5 19.Nxb5 Qb8 20.Nxd6 Rf8 21.e5 Nc7 22.c5 Ra6
23.Qd3 Rd8 24.b5 Ra8 25.c6 bxc6 26.bxc6 Nb6 27.Qb3 Be6 28.Qxb6 Bxa2 29.Qb7 Bb3
30.Ra1 a2 31.Bb6 Ne8 32.Bxd8 Nxd6 33.Qxb8 Rxb8 34.c7 Rb5 35.exd6 Be6 36.Rxa2 Bf8
37.c8=Q Bxc8 38.Rea1  1-0

[Event "Capablanca Mem Mixto"]
[Site "Havana CUB"]
[Date "2003.05.14"]
[Round "9"]
[White "Perea,O"]
[Black "Pina,S"]
[Result "1/2-1/2"]
[WhiteElo "2388"]
[BlackElo "2291"]

1.d4 Nf6 2.Nf3 d6 3.c4 g6 4.g3 Bg7 5.Bg2 O-O 6.Nc3 c6 7.O-O a6 8.e4 b5 9.e5 Ne8
10.Qe2 Be6 11.d5 cxd5 12.cxd5 Bg4 13.exd6 exd6 14.h3 Bxf3 15.Qxf3 Nd7 16.Rd1 Ne5
17.Qf4 Nc4 18.a4 Be5 19.Qf3 b4 20.Na2 Nxb2 21.Bxb2 Bxb2 22.Rab1 Bg7 23.Nxb4 Qf6
24.Qe2 a5 25.Nc6 Nc7 26.Rb6 Rfe8 27.Qc4 Qc3 28.Qxc3 Bxc3 29.Bf1 Re1 30.Rxe1 Bxe1
31.Bc4 Ne8 32.Kf1 Bc3 33.Bb3 Bg7 34.Rb5 Bc3 35.Ke2 Nf6 36.Kd3 Be1 37.Ke2 Bc3
38.Kd3 Be1  1/2-1/2

[Event "TCh-Serbia & Montenegro"]
[Site "Budva YUG"]
[Date "2003.05.18"]
[Round "?"]
[White "Drasko,M"]
[Black "Simic,Dragi"]
[Result "1-0"]
[WhiteElo "2491"]
[BlackElo "2340"]

1.d4 Nf6 2.c4 g6 3.Nf3 Bg7 4.g3 O-O 5.Bg2 d6 6.O-O c5 7.d5 b5 8.cxb5 a6 9.bxa6 Bf5
10.Nfd2 Nxa6 11.Nc3 Nb4 12.Nc4 Bc2 13.Qd2 Bf5 14.e4 Bc8 15.b3 Ba6 16.Rb1 Nd7
17.a3 Bxc3 18.Qxc3 Na2 19.Qe3 Nxc1 20.Rfxc1 Bxc4 21.bxc4 Qc7 22.Bh3 Rfb8
23.Bxd7 Qxd7 24.e5 Qf5 25.Rxb8+ Rxb8 26.exd6 exd6 27.Qe7 Rb2 28.Rf1 Rb1 29.Rxb1 Qxb1+
30.Kg2 Qd3 31.Qh4 Kg7 32.Qf4 Qc2 33.h4 h5 34.Qxd6 Qe4+ 35.Kh2 Qxc4 36.Qe5+ Kh7
37.d6  1-0

[Event "ch-RUS w"]
[Site "Elista RUS"]
[Date "2003.05.18"]
[Round "1"]
[White "Shaidullina,S"]
[Black "Semenova,Ir"]
[Result "0-1"]
[WhiteElo "2364"]
[BlackElo "2224"]

1.d4 Nf6 2.Nf3 g6 3.c4 Bg7 4.g3 O-O 5.Bg2 d6 6.O-O Nbd7 7.Nc3 e5 8.h3 exd4
9.Nxd4 c6 10.Bf4 Ne5 11.b3 Nh5 12.Bc1 Qb6 13.Be3 Qa5 14.Rc1 Re8 15.Qd2 f5
16.Rfd1 Bd7 17.Bg5 Nf7 18.Nf3 f4 19.gxf4 Bxc3 20.Rxc3 Rxe2 21.Qxe2 Qxc3 22.Rd3 Qa1+
23.Rd1 Qc3 24.Qe3 Qc2 25.Rd2 Qc1+ 26.Kh2 Re8 27.Qxa7 h6 28.Qxb7 Bf5 29.Bh4 Nxf4
30.Bf6 Nxg2 31.Kxg2 Be4 32.Qd7 Rf8 33.Rd4 Bxf3+ 34.Kg3 Qg1+ 35.Kf4 Qxf2 36.Rd3 Bg2+
37.Kg4 h5+  0-1

[Event "28th Keres Mem"]
[Site "Vancouver CAN"]
[Date "2003.05.18"]
[Round "4"]
[White "Niksic,J"]
[Black "Tegzes,L"]
[Result "0-1"]
[WhiteElo "2093"]
[BlackElo "2114"]

1.d4 Nf6 2.Nf3 g6 3.c4 Bg7 4.g3 d6 5.Bg2 O-O 6.O-O a6 7.Nc3 Nc6 8.h3 Rb8
9.a4 Na5 10.b3 c5 11.dxc5 Nd7 12.Qc2 dxc5 13.Rd1 Nc6 14.Be3 Qa5 15.Rac1 Nf6
16.Bf4 Nb4 17.Qd2 Ra8 18.g4 Qb6 19.Ne5 Be6 20.a5 Qxa5 21.Bxb7 Rad8 22.Qe1 Rxd1
23.Rxd1 Nc2 24.Qd2 Nd4 25.Nc6 Qxc3 26.Nxe7+ Kh8 27.b4 Qxh3 28.bxc5 Qxg4+
29.Kf1 Nxe2 30.Nd5 Bxd5 31.cxd5 Nxf4 32.d6 Qh3+ 33.Kg1 Qg4+ 34.Kf1 Nd7 35.Qe3 Qxd1+  0-1

[Event "ch-RUS w"]
[Site "Elista RUS"]
[Date "2003.05.19"]
[Round "2"]
[White "Shumiakina,T"]
[Black "Bystryakova,E"]
[Result "1-0"]
[WhiteElo "2373"]
[BlackElo "2197"]

1.d4 Nf6 2.c4 g6 3.Nf3 Bg7 4.g3 O-O 5.Bg2 d6 6.O-O Nbd7 7.Nc3 e5 8.e4 a6
9.h3 b5 10.dxe5 dxe5 11.cxb5 axb5 12.b4 Qe7 13.Rb1 c6 14.Be3 Ne8 15.Qc2 Nd6
16.Nd2 h5 17.Rfd1 Rd8 18.Ne2 Bb7 19.Nc1 Nf8 20.Ncb3 Ne6 21.Na5 Nd4 22.Bxd4 exd4
23.Ndb3 Qc7 24.Nxd4 Rxa5 25.bxa5 Nc4 26.Nb3 Ra8 27.Qd3 Nxa5 28.Qd7 Qb6 29.Nxa5 Rxa5
30.Qe8+ Bf8 31.Rd7  1-0

[Event "4th IECC"]
[Site "Istanbul TUR"]
[Date "2003.05.31"]
[Round "2"]
[White "Gagunashvili,M"]
[Black "Kilicaslan,H"]
[Result "1-0"]
[WhiteElo "2580"]
[BlackElo "2260"]

1.d4 Nf6 2.c4 g6 3.Nf3 Bg7 4.g3 O-O 5.Bg2 d6 6.Nc3 Nc6 7.O-O a6 8.Re1 Rb8
9.Rb1 e5 10.d5 Ne7 11.b4 Nd7 12.Ba3 b5 13.e4 bxc4 14.Nd2 Nb6 15.Qe2 c6 16.Nxc4 cxd5
17.Nxd5 Nexd5 18.exd5 Nxc4 19.Qxc4 Bd7 20.Bc1 Bb5 21.Qb3 Qd7 22.Bd2 Rfc8
23.Rbc1 f5 24.Rc6 e4 25.Bf1 Be5 26.a4 Bxf1 27.Rxf1 f4 28.gxf4 Bd4 29.Rfc1 Rf8
30.Qg3 Rf5 31.Rc7 Qxa4 32.Bc3 Rxd5 33.Qh3  1-0

[Event "17th Open"]
[Site "Pula CRO"]
[Date "2003.06.03"]
[Round "4"]
[White "Danilov,V"]
[Black "Zufic,M"]
[Result "1-0"]
[WhiteElo "2360"]
[BlackElo "2429"]

1.d4 Nf6 2.c4 g6 3.Nf3 Bg7 4.g3 O-O 5.Bg2 d6 6.Nc3 Nc6 7.O-O a6 8.d5 Na5
9.Nd2 c5 10.a3 Nd7 11.Qc2 Ne5 12.b3 b5 13.cxb5 axb5 14.Bb2 Qb6 15.h3 Bf5
16.e4 Bd7 17.Ne2 c4 18.b4 Nb3 19.Nxb3 cxb3 20.Qxb3 Rfc8 21.Bd4 Nf3+ 22.Qxf3 Bxd4
23.Nxd4 Qxd4 24.Rfd1 Qb2 25.Rdb1 Qd4 26.Rc1 Qb2 27.Qe3 Kg7 28.Rab1 Qxa3 29.Rxc8 Bxc8
30.Qxa3 Rxa3 31.Rc1 Ba6 32.Rc6 Ra1+ 33.Bf1 f5 34.Rc7 fxe4 35.Rxe7+ Kf6 36.Rxe4 Bb7
37.Re6+ Kf5 38.Rxd6 Ke5 39.Rb6 Bxd5 40.Rxb5 Kd4 41.Rc5 Rb1 42.f4 Rxb4 43.Rc2 Be4
44.Ra2 Rb3 45.Kh2 Ke3 46.Bg2 Bf3 47.Rc2 Ra3 48.Rb2 Rc3 49.h4 Ra3 50.Rc2 Rb3
51.Ra2 Rc3 52.Ra7 Kf2 53.Bxf3 Kxf3 54.Kh3 Kf2 55.Ra2+ Kf3 56.h5 Rc1 57.Ra3+ Ke4
58.hxg6 hxg6 59.Kg4 Rc6 60.Ra5 Ke3 61.Kg5 Kf3 62.g4 Rc1 63.f5 gxf5 64.gxf5 Rg1+
65.Kh6 Rh1+ 66.Kg7 Rg1+ 67.Kf8 Rg5 68.Ra3+ Kf4 69.f6 Rf5 70.f7 Kg5 71.Re3 Ra5
72.Kg8  1-0

[Event "IV Open"]
[Site "Lido Estensi ITA"]
[Date "2003.06.07"]
[Round "2"]
[White "Ortega,Le"]
[Black "Radovanovic,J"]
[Result "1-0"]
[WhiteElo "2448"]
[BlackElo "2233"]

1.d4 Nf6 2.Nf3 g6 3.c4 Bg7 4.g3 O-O 5.Bg2 d6 6.Nc3 Nc6 7.O-O a6 8.Re1 Rb8
9.Rb1 e5 10.d5 Ne7 11.e4 Ne8 12.b4 h6 13.c5 f5 14.Nd2 Nf6 15.b5 axb5 16.cxd6 cxd6
17.Nxb5 Nxe4 18.Nxe4 fxe4 19.g4 h5 20.h3 Ra8 21.a4 hxg4 22.hxg4 Ra6 23.Bxe4 Rf7
24.Rb2 Bf6 25.Bg2 Rh7 26.Nc3 g5 27.Bf1 Ra8 28.Bd3 Rh4 29.f3 Kg7 30.Ree2 Bd7
31.Rh2 Rxh2 32.Rxh2 Qb6+ 33.Kh1 Qd4 34.Ne4 Nxd5 35.Bb2 Qxa4 36.Rh7+ Kg8 37.Bc2 Qa2
38.Qxd5+ Qxd5 39.Nxf6+ Kf8 40.Nxd7+ Ke8 41.Nf6+ Kd8 42.Nxd5 Ra2 43.Rxb7  1-0

[Event "FIDE Open"]
[Site "Voronezh RUS"]
[Date "2003.06.21"]
[Round "9"]
[White "Karpov,Va"]
[Black "Pavlov,De"]
[Result "0-1"]
[WhiteElo "2282"]
[BlackElo "2264"]

1.Nf3 Nf6 2.d4 g6 3.g3 Bg7 4.Bg2 O-O 5.c4 d6 6.O-O c6 7.Nc3 Qa5 8.e4 Bg4
9.h3 Bxf3 10.Bxf3 e5 11.d5 cxd5 12.cxd5 Rc8 13.Bd2 Nbd7 14.Rb1 Qd8 15.Qe2 a6
16.Rfc1 h5 17.Nd1 b5 18.Ne3 Bh6 19.b4 Qb6 20.Nf1 Bxd2 21.Qxd2 Qd4 22.Rc6 Qxd2
23.Nxd2 Rxc6 24.dxc6 Nf8 25.Rc1 Rc8 26.c7 Ne6 27.Rc6 Rxc7 28.Rxa6 Nd4 29.Rxd6 Rc2
30.Rxf6 Rxd2 31.Bg2 Rxa2 32.Rd6 Rb2 33.Rd5 f6 34.Bf1 Rxb4 35.Rd7 Rb2 36.Kg2 Rb3
37.Rb7 Kf8 38.h4 Rb4 39.Bd3 Rb3 40.Bf1 Rb4 41.Bd3 Rb3 42.Bf1 Ke8 43.Rg7 Rc3
44.Rb7 Rc5 45.Bd3 Kd8 46.Rb6 Kc7 47.Rxf6 b4 48.Rf7+ Kb6 49.Rf6+ Nc6 50.f4 Rc3
51.Bb1 Rb3 52.f5 gxf5 53.exf5 Rxb1 54.Rg6 Rd1 55.g4 b3  0-1

[Event "LXVII ch-CRC"]
[Site "Cenfotec CRC"]
[Date "2003.06.25"]
[Round "11"]
[White "Ugalde,R"]
[Black "Minero Pineda,S"]
[Result "0-1"]
[WhiteElo "2183"]
[BlackElo "2426"]

1.Nf3 Nf6 2.d4 g6 3.c4 Bg7 4.g3 O-O 5.Bg2 d6 6.Nc3 Nc6 7.d5 Na5 8.Qd3 c5
9.O-O a6 10.Rb1 b5 11.Nd2 bxc4 12.Nxc4 Nxc4 13.Qxc4 a5 14.Qh4 Re8 15.Bh6 Bh8
16.e4 Rb8 17.h3 Ba6 18.Rfe1 Nd7 19.Bf1 Ne5 20.Kg2 Bd3 21.f4 Bxb1 22.Rxb1 Nf3
23.Kxf3 Bxc3 24.b3 a4 25.Bc4 axb3 26.axb3 Qa5 27.Qg4 Bd4 28.Rf1 Qd2 29.Qd7 Qe3+
30.Kg4 Qxe4 31.h4 Rbd8  0-1

[Event "2nd NAO GM"]
[Site "Paris FRA"]
[Date "2003.06.27"]
[Round "8"]
[White "Horvath,Jo"]
[Black "Georgiev,Kr"]
[Result "1/2-1/2"]
[WhiteElo "2507"]
[BlackElo "2516"]

1.Nf3 d6 2.d4 Nf6 3.c4 g6 4.g3 Bg7 5.Bg2 O-O 6.O-O c6 7.b3 e5 8.dxe5 dxe5
9.Ba3 Qxd1 10.Rxd1 Re8 11.Nc3 Na6  1/2-1/2

[Event "It"]
[Site "Brno CZE"]
[Date "2003.06.29"]
[Round "2"]
[White "Splosnov,S"]
[Black "Groetz,H"]
[Result "1-0"]
[WhiteElo "2377"]
[BlackElo "2322"]

1.Nf3 Nf6 2.c4 g6 3.g3 Bg7 4.Bg2 d6 5.d4 O-O 6.O-O Nbd7 7.Nc3 e5 8.h3 c6
9.e4 Qb6 10.Re1 exd4 11.Nxd4 Re8 12.Na4 Qc7 13.Bf4 Ne5 14.b3 Nfd7 15.Be3 Nc5
16.Nb2 a5 17.Qc2 Qe7 18.Rad1 Ne6 19.Nxe6 Qxe6 20.Na4 Qe7 21.c5 dxc5 22.Bxc5 Qf6
23.f4 Nd7 24.Rd6 Qe7 25.Rxd7 Qxd7 26.Nb6 Qd4+ 27.Kh2 Qc3 28.Qxc3 Bxc3 29.Rc1 Bd2
30.Rc2 Bxh3 31.Nxa8 Bxg2 32.Kxg2 Bxf4 33.gxf4 Rxa8 34.Rd2 Re8 35.Kf3 h5 36.Rd7 f5
37.e5 b5 38.Be7  1-0

[Event "6th Open Vins du Mer"]
[Site "Naujac sur Mer FRA"]
[Date "2003.07.02"]
[Round "5"]
[White "Foisor,O"]
[Black "Alanic,X"]
[Result "1-0"]
[WhiteElo "2426"]
[BlackElo "2125"]

1.d4 Nf6 2.c4 g6 3.Nf3 Bg7 4.g3 d6 5.Bg2 O-O 6.O-O Nbd7 7.Nc3 c6 8.e3 e5
9.a4 Re8 10.a5 a6 11.Ra2 Qe7 12.b3 e4 13.Ng5 d5 14.cxd5 cxd5 15.f3 h6 16.Nh3 b5
17.axb6 Nxb6 18.Ba3 Qd8 19.Nf2 Bb7 20.Bc5 Rc8 21.b4 Nc4 22.Re1 exf3 23.Qxf3 h5
24.Bf1 Rc7 25.e4 Nxe4 26.Ncxe4 dxe4 27.Qf4 g5 28.Qc1 Nd6 29.Bxa6 Bd5 30.Rae2 Qa8
31.Qxg5 Rd7 32.Nh3 f6 33.Qxh5 Bf7 34.Qh4 Qxa6 35.Nf4 Nf5 36.Qg4 Nxd4 37.Qxd7 Nxe2+
38.Rxe2 Qa1+ 39.Kg2 Qa6 40.Qg4 Re5 41.h4 Qc4 42.Re3 Qc1 43.Qe2 Bc4 44.Qe1 Qc2+
45.Qf2 Qb1 46.Bd4 Bh6 47.Bxe5 fxe5 48.Nh5 Qxb4 49.Rxe4 Bd5 50.Nf6+ Kg7 51.Nxd5 Qxe4+
52.Qf3 Qc2+ 53.Kh3 Qc1 54.Qf6+ Kh7 55.Qf5+ Kh8 56.Qxe5+ Bg7 57.Qe8+ Kh7 58.Qe4+ Kh8
59.Ne3 Qe1 60.Qf3 Qc3 61.Qa8+ Kh7 62.Qe4+ Kh8 63.Nf5 Be5 64.h5 Qa1 65.Qf3 Qe1  1-0

[Event "25th Open"]
[Site "Oberwart AUT"]
[Date "2003.07.05"]
[Round "1"]
[White "Ruck,R"]
[Black "Arwanitakis,M"]
[Result "1-0"]
[WhiteElo "2550"]
[BlackElo "2231"]

1.Nf3 Nf6 2.c4 g6 3.d4 Bg7 4.g3 O-O 5.Bg2 d6 6.Nc3 Nc6 7.O-O e5 8.d5 Ne7
9.e4 Nd7 10.Ne1 f5 11.Nd3 Nf6 12.Bg5 Nxe4 13.Nxe4 fxe4 14.Bxe4 Bh3 15.Re1 Bf6
16.Bxf6 Rxf6 17.f4 exf4 18.Nxf4 Qd7 19.Bf3 Raf8 20.Nxh3 Rxf3 21.Ng5 R3f6
22.Qd4 c5 23.Qd2 Nf5 24.Ne6 R8f7 25.Re2 b5 26.b3 Ng7 27.Ng5 Rf8 28.cxb5 Qxb5
29.Ne4 Rf3 30.Nxd6 Qb6 31.Nc4 Qf6 32.Ree1 Nf5 33.d6 Nd4 34.Qg2 Rf2 35.Qd5+ Kg7
36.Ne5 Ne2+ 37.Kh1 Qg5 38.Rxe2 Rxe2 39.Qb7+ Kh6 40.Nf7+ Rxf7 41.Qxf7 Re4
42.Qf8+ Kh5 43.Qf3+ Qg4 44.Qxg4+ Kxg4 45.Rd1 Re8 46.Kg2 Rd8 47.Rd3 g5 48.d7 Kh5
49.Kf3 Kg6 50.Ke4 Kf6 51.Rd6+ Ke7 52.Kd5 h5 53.Kxc5  1-0

[Event "White Nights"]
[Site "St Petersburg RUS"]
[Date "2003.07.05"]
[Round "7"]
[White "Karasev,V"]
[Black "Kokarev,Dm"]
[Result "1/2-1/2"]
[WhiteElo "2429"]
[BlackElo "2483"]

1.d4 Nf6 2.c4 g6 3.Nf3 Bg7 4.g3 O-O 5.Bg2 d6 6.Nc3 Nbd7 7.e4 c5 8.O-O a6
9.Re1 cxd4 10.Nxd4 Rb8 11.h3 Re8 12.Be3 e6 13.Qd2 Qc7 14.b3 b6 15.Rac1 Bb7
16.g4 Nc5 17.f3 Rbd8 18.b4 Ncd7 19.f4 h6 20.Qb2 Qb8 21.b5 Nc5 22.bxa6 Nd3
23.Qd2 Nxe1 24.Qxe1 e5 25.axb7 exd4 26.Bxd4 Qxb7 27.Qf2 Qa6 28.Bxf6 Bxf6
29.Nd5 Bg7 30.f5 Be5 31.fxg6 fxg6 32.Nf6+ Bxf6 33.Qxf6 Qa7 34.Qxg6+ Qg7 35.Qf5 Re5
36.Qf2 Rc5 37.Rd1 Kh8 38.Qe3 Qg5 39.Qb3 b5 40.cxb5 Rxb5 41.Qc3+ Qe5 42.Qxe5+ Rxe5
43.a4 Kg7 44.Kf2 Kf6 45.h4 Ra5 46.Kg3 Ke6 47.Rf1 Rb8 48.Rf3 Rb2 49.Bh3 Ke7
50.Kf4 Rxa4 51.g5 Re2 52.Bf5 hxg5+ 53.hxg5 d5 54.Rd3 dxe4 55.Re3 Rf2+ 56.Kg4 Rg2+
57.Kf4 Kf7 58.Bxe4 Rg1 59.Re2 Ke7 60.Re3 Rf1+ 61.Rf3  1/2-1/2

[Event "1st Stage Russian Cup"]
[Site "Tomsk RUS"]
[Date "2003.07.05"]
[Round "2"]
[White "Iskusnyh,S"]
[Black "Lavrov,Ma"]
[Result "1-0"]
[WhiteElo "2487"]
[BlackElo "2370"]

1.Nf3 Nf6 2.c4 g6 3.d4 Bg7 4.g3 O-O 5.Bg2 d6 6.O-O c6 7.Nc3 Qa5 8.e4 e5 9.h3 Nbd7
10.Re1 exd4 11.Nxd4 Ne5 12.Bf1 Re8 13.Be3 Be6 14.Nxe6 Rxe6 15.Kg2 a6 16.a3 Rae8
17.b4 Qd8 18.Qb3 Ned7 19.Rad1 Qe7 20.f3 b5 21.Bf2 Nh5 22.Ne2 Qg5 23.h4 Qe7
24.cxb5 axb5 25.g4 Nhf6 26.Nd4 Ne5 27.Nxe6 fxe6 28.Bg3 Nfd7 29.g5 Nb6 30.f4 Nec4
31.f5 Be5 32.Bxc4 Nxc4 33.Bxe5 Nxe5 34.Rf1 d5 35.f6 Qd7 36.Qg3 Nf7 37.exd5 cxd5
38.Qf3 Rd8 39.Rd2 e5 40.Rfd1 d4 41.Qe4  1-0

[Event "White Nights"]
[Site "St Petersburg RUS"]
[Date "2003.07.06"]
[Round "8"]
[White "Doroshkievich,V"]
[Black "Solovjov,S"]
[Result "1/2-1/2"]
[WhiteElo "2413"]
[BlackElo "2456"]

1.d4 Nf6 2.c4 g6 3.Nf3 Bg7 4.g3 O-O 5.Bg2 d6 6.O-O c6 7.Nc3 Qa5 8.Nd2 e5
9.d5 c5 10.a3 Na6 11.e4 Bd7 12.Nb3 Qd8 13.Bd2 Ne8 14.Nc1 f5 15.Nd3 Nf6 16.Rc1 fxe4
17.Nxe4 Nxe4 18.Bxe4 Bf5 19.Qe2  1/2-1/2

[Event "25th Open"]
[Site "Oberwart AUT"]
[Date "2003.07.10"]
[Round "6"]
[White "Tibensky,R"]
[Black "Neumeier,K"]
[Result "0-1"]
[WhiteElo "2401"]
[BlackElo "2255"]

1.Nf3 Nf6 2.d4 g6 3.c4 Bg7 4.g3 O-O 5.Bg2 d6 6.O-O Nc6 7.d5 Na5 8.Qa4 c5
9.Bd2 b6 10.Bc3 Rb8 11.Nbd2 e6 12.e4 Bd7 13.Qc2 exd5 14.cxd5 b5 15.b3 Re8
16.Rfe1 Rc8 17.h3 b4 18.Bb2 Bb5 19.Bf1 Bxf1 20.Kxf1 Nd7 21.Bxg7 Kxg7 22.a3 Qf6
23.Kg2 c4 24.bxc4 b3 25.Qd3 Nc5 26.Qe3 Nxc4 27.Qe2 b2 28.Rab1 Nxa3 29.Rbd1 Rb8
30.e5 dxe5 31.Nh2 e4 32.Qe3 Nd3 33.Rf1 Qb6 34.Qe2 e3 35.Qxd3 exd2 36.Qxa3 Re1
37.Ng4 Qd4 38.Rfxe1 dxe1=Q 39.Rxe1 b1=Q 40.Rxb1 Rxb1 41.Qf3 Rb6 42.Ne3 a5
43.h4 h5 44.g4 Rf6 45.Qe2 hxg4 46.Nxg4 Qxd5+ 47.Kg1 Qf3 48.Qc4 Rf4  0-1

[Event "13th S&WYM"]
[Site "Millfield School ENG"]
[Date "2003.07.12"]
[Round "4"]
[White "Gordon,S"]
[Black "Bigg,A"]
[Result "1/2-1/2"]
[WhiteElo "2216"]
[BlackElo "2287"]

1.d4 Nf6 2.Nf3 g6 3.c4 Bg7 4.g3 O-O 5.Bg2 d6 6.O-O c6 7.b3 Re8 8.Nc3 Qa5
9.Bb2 Qh5 10.d5 Bh3 11.Nh4 Bxg2 12.Nxg2 Nbd7 13.f3 g5 14.g4 Qg6 15.Ne3 Ne5
16.Nf5 Rad8 17.Qb1  1/2-1/2

[Event "25th Open"]
[Site "Oberwart AUT"]
[Date "2003.07.12"]
[Round "8"]
[White "Cvitan,O"]
[Black "Neumeier,K"]
[Result "1-0"]
[WhiteElo "2546"]
[BlackElo "2255"]

1.d4 Nf6 2.Nf3 g6 3.c4 Bg7 4.g3 O-O 5.Bg2 d6 6.O-O Nc6 7.Nc3 a6 8.b3 Rb8
9.Nd5 Nh5 10.Bb2 e6 11.Nc3 b5 12.d5 Ne7 13.dxe6 fxe6 14.c5 dxc5 15.Qc1 Nc6
16.Ne4 Nd4 17.Re1 Qe7 18.Rb1 e5 19.Qxc5 Qxc5 20.Nxc5 Bf5 21.Rbc1 Nc2 22.Red1 e4
23.Bxg7 Nxg7 24.Ne5 e3 25.f4 Rbd8 26.Ncd7 h5 27.Nf6+ Rxf6 28.Rxd8+ Kh7 29.Bd5 Ne6
30.Bxe6 Rxe6 31.Rd7+ Kg8 32.Rxc7 Rxe5 33.fxe5 Nd4 34.Rd1 Ne6 35.Ra7 Bg4 36.Kf1 h4
37.Rdd7  1-0

[Event "1st Stage Russian Cup"]
[Site "Tomsk RUS"]
[Date "2003.07.12"]
[Round "9"]
[White "Bocharov,D"]
[Black "Logunov,M"]
[Result "1-0"]
[WhiteElo "2526"]
[BlackElo "2422"]

1.d4 Nf6 2.Nf3 g6 3.c4 Bg7 4.g3 O-O 5.Bg2 d6 6.O-O Nbd7 7.Nc3 c6 8.e4 e5
9.Be3 Ng4 10.Bg5 f6 11.Bc1 Qe7 12.h3 Nh6 13.Be3 f5 14.exf5 Nxf5 15.Bg5 Qf7
16.d5 h6 17.Be3 e4 18.Nxe4 Nxe3 19.fxe3 Qe7 20.dxc6 Qxe4 21.cxd7 Bxd7 22.Qxd6 Bc6
23.Nh4 Qxe3+ 24.Kh2 Rxf1 25.Rxf1 Qe2 26.Qxg6 Rf8 27.Rxf8+ Kxf8 28.b4 Bxg2
29.Nxg2 Qxc4 30.Qd6+ Kg8 31.Qb8+ Kh7 32.Qxb7 Qxa2 33.b5 Qf2 34.Qe4+ Kg8 35.h4 Qc5
36.Qe8+ Kh7 37.Nf4 Qc2+ 38.Kh3 Qf5+ 39.Kg2 Be5 40.Qe7+ Bg7 41.Qe2 Be5 42.Nd5 Bd6
43.Nc3 Qe5 44.Ne4 Bc7 45.Qd3 Kg7 46.Qd7+ Kg8 47.Qc6 Bd8 48.Qg6+ Qg7 49.Qe8+ Qf8
50.Qe6+ Kh8 51.h5 Bb6 52.Qd5 Qe7 53.g4 Bc7 54.Qc6 Bf4 55.Kf3 Qf8 56.Qf6+ Qxf6
57.Nxf6 Bh2 58.Ke4 Kg7 59.Kf5 Kf7 60.Ne4 Bc7 61.g5 hxg5 62.Nxg5+ Ke7 63.h6 Ba5
64.h7 Bc3 65.Kg6 Bb2 66.Nf7 Bc3 67.Nh6 Bb2 68.Nf5+ Kf8 69.Nd6  1-0

[Event "24th Open"]
[Site "Bled SLO"]
[Date "2003.07.15"]
[Round "2"]
[White "Raspor,G"]
[Black "Sebenik,M"]
[Result "0-1"]
[WhiteElo "2155"]
[BlackElo "2425"]

1.d4 Nf6 2.c4 g6 3.Nf3 Bg7 4.g3 O-O 5.Bg2 d6 6.O-O Nc6 7.Nc3 a6 8.d5 Na5
9.Nd2 c5 10.Qc2 Rb8 11.b3 b5 12.Rb1 e5 13.cxb5 axb5 14.b4 cxb4 15.Rxb4 Bd7
16.Qd3 Nb7 17.Nxb5 e4 18.Qc4 Na5  0-1

[Event "3rd Open"]
[Site "St Chely d'Aubrac FRA"]
[Date "2003.07.15"]
[Round "4"]
[White "Todorov,O"]
[Black "Corke,A"]
[Result "1-0"]
[WhiteElo "2339"]
[BlackElo "2002"]

1.d4 Nf6 2.Nf3 g6 3.c4 Bg7 4.g3 d6 5.Bg2 O-O 6.O-O c6 7.Nc3 a6 8.e4 Nfd7
9.Qe2 b5 10.e5 bxc4 11.e6 Nb6 12.exf7+ Rxf7 13.Ng5 Rf8 14.Ne6 Bxe6 15.Qxe6+ Kh8
16.Bg5 Ra7 17.Rae1 Bf6 18.Bh6 Rg8 19.Ne4 g5 20.Nxf6 exf6 21.f4 g4 22.f5 d5
23.Bf4 N6d7 24.Qd6 Nb6 25.Qxd8 Rxd8 26.Re6 Kg7 27.Rfe1 Na4 28.Re7+ Rxe7 29.Rxe7+ Kg8
30.Rb7 Nd7 31.Bd2 c3 32.bxc3 Nab6 33.Bf1 Rb8 34.Rc7 Rc8 35.Ra7 Nb8 36.Bh6 Na4
37.c4 Nb6 38.c5 Nc4 39.Bf4 Re8 40.Rb7 Ne5 41.dxe5 fxe5 42.Bh6 Rd8 43.Bg5 Rf8
44.f6  1-0

[Event "ch-City"]
[Site "Tehran IRI"]
[Date "2003.07.17"]
[Round "6"]
[White "Moradi,B"]
[Black "Darban,M"]
[Result "1-0"]
[WhiteElo "2220"]
[BlackElo "2341"]

1.d4 Nf6 2.c4 g6 3.g3 Bg7 4.Bg2 O-O 5.Nf3 d6 6.O-O Nbd7 7.Nc3 e5 8.e4 c6
9.h3 exd4 10.Nxd4 Qb6 11.Nde2 Nc5 12.Qc2 a5 13.Bf4 Ne8 14.g4 Qb4 15.b3 a4
16.Rab1 axb3 17.axb3 Ra3 18.Na2 Qa5 19.Nac1 Na6 20.Nd3 Ra2 21.Qd1 Be6 22.Nec1 Ra3
23.Bd2 Qd8 24.Nf4 Nec7 25.Nce2 Bc8 26.Qc1 Ra2 27.Bc3 Be5 28.Rb2 Rxb2 29.Qxb2 Qe7
30.Nd3 Bxc3 31.Qxc3 Nc5 32.Nxc5 dxc5 33.Rd1 Ne6 34.f4 Nd4 35.Nxd4 Rd8 36.Kh2 Qc7
37.e5 g5 38.Qe3 gxf4 39.Qxf4 Kf8 40.Nb5 cxb5 41.Rxd8+ Qxd8 42.Qh6+ Ke8 43.Qxh7 bxc4
44.Qg8+ Ke7 45.Qg5+ Ke8 46.Qxd8+ Kxd8 47.bxc4 Be6 48.Bf1 b5 49.cxb5 c4 50.Kg3 c3
51.Bd3 Bc4 52.Bc2 Bxb5 53.h4 Ke7 54.h5 Be2 55.h6 Kf8 56.g5 Bh5 57.Kf4 Kg8
58.Ke3 Kf8 59.Kd4 Bg4 60.Kxc3 Be6 61.Kd4 Kg8 62.Kc5 Kf8 63.Kd6 Bc4 64.Bf5 Be2
65.e6 fxe6 66.Kxe6 Bh5 67.Bh7 Bf7+ 68.Kf6 Be8 69.g6  1-0